Western indologists and sanskrit savants of kashmir / (Record no. 127848)

MARC details
000 -LEADER
fixed length control field 00753nam a22002297a 4500
005 - DATE AND TIME OF LATEST TRANSACTION
control field 20170124110031.0
010 ## - LIBRARY OF CONGRESS CONTROL NUMBER
LC control number B-079986
020 ## - INTERNATIONAL STANDARD BOOK NUMBER
Terms of availability 550.00
International Standard Book Number 8172201478
035 ## - SYSTEM CONTROL NUMBER
System control number B-079986
037 ## - SOURCE OF ACQUISITION
Source of stock number/acquisition Cen Lib/Ret
040 ## - CATALOGING SOURCE
Original cataloging agency DPL
Language of cataloging EN
082 ## - DEWEY DECIMAL CLASSIFICATION NUMBER
Classification number 410
Item number PAN
100 ## - MAIN ENTRY--PERSONAL NAME
Personal name Pandita, S.N.
9 (RLIN) 21715
245 ## - TITLE STATEMENT
Title Western indologists and sanskrit savants of kashmir /
Statement of responsibility, etc by S.N.Pandita
260 ## - PUBLICATION, DISTRIBUTION, ETC. (IMPRINT)
Place of publication, distribution, etc New Delhi
Name of publisher, distributor, etc Siddharth publications
Date of publication, distribution, etc 2002
270 ## - ADDRESS
Address 10,DSIC Scheme -II, Okhla industrial area phase-II
City New Delhi
Postal code 110020
300 ## - PHYSICAL DESCRIPTION
Extent xxxvi,332p. :
Dimensions 21cm(Hb)
Other physical details ill.
500 ## - GENERAL NOTE
General note Includes bibliographical reference and index
650 ## - SUBJECT ADDED ENTRY--TOPICAL TERM
Topical term or geographic name as entry element Linguistics
9 (RLIN) 21716
650 ## - SUBJECT ADDED ENTRY--TOPICAL TERM
Topical term or geographic name as entry element History -Kashmir
9 (RLIN) 21717
942 ## - ADDED ENTRY ELEMENTS (KOHA)
Source of classification or shelving scheme Dewey Decimal Classification
Koha item type English Books
Classification part 410
Call number suffix PAN
Holdings
Withdrawn status Lost status Damaged status Not for loan Home library Current library Date acquired Source of acquisition Cost, normal purchase price Total Checkouts Full call number Barcode Date last seen Copy number Cost, replacement price Price effective from Koha item type Source of classification or shelving scheme Collection code Total Renewals Date checked out
        Central Library Central Library 30/06/2015 Cen Lib/Ret 550.00   410 PAN B-079986 30/06/2015 1 550.00 30/06/2015 English Books        
        Sarojini Nagar Sarojini Nagar 15/03/2019     1 410 PAN B-079987 17/02/2022     15/03/2019 English Books Dewey Decimal Classification Non-fiction 2 21/01/2022

© Delhi Public Library
Hit Counter
free hit counter